000
00308nam a22001337a 4500
082
_a
519.4 BUR
100
_a
Burden, Richard L.
245
_a
Numerical Analysis
250
_a
8th ed.
260
_a
USA
_b
Brooks Cole
_c
2004
300
_a
xiv, 847 p.
650
_a
Numerical analysis.
942
_c
BK
999
_c
12700
_d
12700